Normal view MARC view
  • Amorós y Ondeano, Francisco,

Entry Nombre Personal

Number of records used in: 1

001 - NUMERO DE CONTROL

  • campo de control: 59286

003 - IDENTIFICADOR DE NUMERO DE CONTROL

  • campo de control: MX-MxUPN

005 - FECHA Y HORA DE LA ÜLTIMA TRANSACCIÓN

  • campo de control: 20260416143613.0

008 - DATOS DE LONGITUD FIJA

  • campo de control de longitud fija: 260416|| aca||aabn | a|a d

040 ## - FUENTE DE CATALOGACIÓN

  • Agencia original de catalogación: MX-MxUPN
  • Lenguaje de catalogación: spa

100 1# - ENCABEZAMIENTO - NOMBRE PERSONAL

  • Nombre personal: Amorós y Ondeano, Francisco,
  • Fechas asociadas con el nombre: 1770-1848

400 1# - VEÁSE - NOMBRE DE PERSONA

  • Personal name: Ondeano, Francisco Amorós y,
  • Dates associated with a name: 1770-1848

670 ## - FUENTE EN LA QUE SE LOCALIZARON DATOS

  • Cita de la fuente: Autoridades LC, 16 abril 2026 :
  • Información localizada: (Amorós y Ondeano, Francisco, 1770-1848)
  • Uniform Resource Identifier: https://lccn.loc.gov/nr98036616

902 ## - CATALOGADOR

  • Catalogador: VíctorGodínez/160426